Un estudio revelador: como se alimenta la crisis
Sábháilte in:
| Formáid: | Téacs |
|---|---|
| Clibeanna: |
Cuir clib leis
Níl clibeanna ann, Bí ar an gcéad duine le clib a chur leis an taifead seo!
|
MARC
| LEADER | 00000 a a2200000 04500 | ||
|---|---|---|---|
| 001 | 1382 | ||
| 003 | |||
| 040 | |||
| 245 | |a Un estudio revelador: |b como se alimenta la crisis | ||
| 773 | |g número 61; páginas 39-42 | ||
| 999 | |c 24774 |d 24774 | ||
